Lattice theory /

Guardado en:
Autores Corporativos: Bolyai János Matematikai Társulat., Szeged, Hungary. Tudományegyetem (Founded 1940)
Otros Autores: Huhn, A. P. (Editor ), Schmidt, E. T. (Editor )
Formato: Libro
Idioma:English
Publicado: Amsterdam : North-Holland, c1976.
Series:Colloquia mathematica Societatis János Bolyai ; 14
Materias:
Etiquetas: Agregar Etiqueta
Sin Etiquetas, Sea el primero en etiquetar este registro!
LEADER 03073cam a2200289 a 4500
001 MAT.inmabb003936
008 771018s1976####ne#a#####b####100#0#eng##
005 20130308121611.0
245 0 0 |a Lattice theory /  |c edited by A. P. Huhn and E. T. Schmidt. 
260 |a Amsterdam :  |b North-Holland,  |c c1976. 
300 |a 462 p. :  |b il. ;  |c 25 cm. 
440 0 |a Colloquia mathematica Societatis János Bolyai ;  |v 14 
500 |a Papers presented at a conference organized by Bolyai János Mathematical Society together with József Attila University and held in Szeged, Aug. 27-30, 1974. 
504 |a Incluye referencias bibliográficas. 
505 0 |a J. Adámek, The algebraic structure of products and sums in a category -- H.-J. Bandelt, On complete distributivity and maximal $d$-intervals in complete lattices -- J. Doyen and C. Herrmann, Projective lines and $n$-distributivity -- S. Fajtlowicz and J. Schmidt, Bézout families, join-congruences, and meet-irreducible ideals -- T. Hecht and T. Katri v nák, Free double Stone algebras -- C. Hermann and A. P. Huhn, Lattices of normal subgroups which are generated by frames -- A. P. Huhn, Two notes on $n$-distributive lattices -- K. Indermark and W. Reisig, On recursively definable relations -- J. Jakubík, Pairs of lattices with common congruence relations -- J. Je v zek and T. Kepka, Atoms in the lattice of varieties of distributive groupoids -- B. Jónsson, Identities in congruence varieties -- M. Kolibiar, Extremal extensions of ordered sets to semilattices -- S. Maeda, Independent complements in lattices -- S. Maeda, Remarks on the problems in the book: Theory of symmetric lattices [Springer, Berlin, 1970], by F. Maeda and S. Maeda -- P. Mederly, A characterization of modular pseudocomplemented semilattices -- R. A. Melter and S. Rudeanu, Geometry of 3-rings -- V. V. Pa v senkov, On a duality theorem -- P. Pudlák and J. T .uma, Yeast graphs and fermentation of algebraic lattices -- E. T. Schmidt, Lattices generated by partial lattices -- W. Seibert, On subdirectly irreducible modular lattices of breadth 2 -- M. Sekanina, Orderings of the system of all sublattices of a distributive lattice -- L. A. Skornjakov, Complements in the congruence lattice of a polygon over a commutative monoid -- O. Steinfeld, Some remarks on algebraic groupoid-lattices -- M. Stern, On $AC$-lattices in which the ideal of the finite elements is neutral -- T. Traczyk and W. Zarebski, Post algebras are uniquely chain based lattices -- H. Werner, Which partition lattices are congruence lattices? -- R. Wille, A note on simple lattices. 
510 4 |a MR,  |c 55 #2670 
020 |a 9638021187 (Bolyai) 
020 |a 0720404983 (North-Holland) 
700 1 |a Huhn, A. P.  |q (András P.)  |4 edt 
700 1 |a Schmidt, E. T.  |q (Eligius Tamás)  |4 edt 
710 2 |a Bolyai János Matematikai Társulat. 
710 1 |a Szeged, Hungary.  |b Tudományegyetem (Founded 1940) 
650 0 |a Lattice theory  |x Congresses. 
084 |a 06-06  |2 msc2000 
010 |a  77484237  
040 |a DLC  |c DLC  |d DLC 
859 |h 06  |i L364  |p A-5818  |b BIB. MATEMATICA